| 000 | 00791nam a2200181 a 4500 | ||
|---|---|---|---|
| 001 | 000033399 | ||
| 003 | DO-SdBNP | ||
| 005 | 20210630154025.0 | ||
| 008 | 091124s1952 dr c 000 0 spa d | ||
| 040 |
_aDO-SdBNP _bspa _cBNPHU |
||
| 082 |
_aRD865.44 _bB171d |
||
| 110 | 2 |
_aRepública Dominicana. _bPresidente (1966-1978 : Balaguer) _958966 |
|
| 245 | 1 | 0 | _aDiscurso pronunciado por Dr. Joaquín Balaguer secretario de Estado de Educación y Bellas Artes al inagural el seminario nacional de alfabetizacion el día 16 de diciembre de 1952 en el Auditorium del Liceo de Educación Intermedia Estados Unidos de Norte América de Ciudad Trujillo. |
| 260 |
_aCiudad Trujillo : _bImpresora Dominicana, _c1952. |
||
| 300 |
_a32 p. ; _c23 cm. |
||
| 590 | _aInventariado, 2018/LP | ||
| 942 |
_2ddc _cLF1 |
||
| 999 |
_c32890 _d32890 |
||